Poland True or False? - Statistics

General Stats
  • This quiz has been taken 2,950 times
    966 since last reset
  • The average score is 12 of 15
Answer Stats
Question Answer % Correct
There are polar bears living in Poland. False
96%
Poland is a European Union member. True
96%
Poland shares a border with Lithuania. True
95%
Kraków was the capital of Poland before Warsaw. True
92%
Poland is a part of the Balkans. False
91%
Lviv is a city in Poland. False
89%
Euro is the currency of Poland. False
89%
Poland is divided into voivodeships. True
84%
There are wild bisons living in Poland. True
79%
The highest peak of Poland is less than 1000m False
77%
Poland is a former Soviet Republic. False
71%
Poland is majority Christian Orthodox country. False
69%
Poland currently has a larger area than before the WWII. False
68%
Poland is larger than Italy by land area. True
67%
Drinking alcohol in public places is prohibited in Poland. True
65%
No matching quizzes found
Score Distribution
Percent of People with Each Score
Percentile by Number Answered
Your Score History
You have not taken this quiz since the last reset